00873cam a22002654a 45000010009000000050017000090080041000260100017000670200036000840200035001200400018001550410008001730420008001810430012001890800011002010820015002121000007002271010008002342450133002425040064003759060045004399420012004849990017004969520094005131372622820171214042423.0040921s2005 tnuab b 001 0 eng  a 2004022129 a0826514588 (cloth : alk. paper) a0826514596 (pbk. : alk. paper) aDLCcDLCdDLC aeng apcc an-us-tn a72 KRE00a72 KRE2221 a72 aARK14aThe plan of Nashville :cNashville Civic Design Center, Mark Schimmenti ... [et al.] ; written and edited by Christine Kreyling. aIncludes bibliographical references (p. 243-246) and index. a7bcbccorignewd1eecipf20gy-gencatlg 2ddccBK c38909d38909 00102ddc4070a002b002d2017-12-14l0o72 KREp002-2939063r2017-12-14w2017-12-14yBK